[Event "GER-chT U14 Girls"]
[Site "Magdeburg"]
[Date "2014.06.29"]
[Round "7.4"]
[White "Schutrak, Svenja"]
[Black "Shvartsman, Julia"]
[Result "0-1"]
[WhiteElo "829"]
[BlackElo "911"]
[PlyCount "28"]
[EventDate "2013.12.27"]
[EventType "team-swiss"]
[EventRounds "4"]
[EventCountry "GER"]
[SourceTitle "EXT 2022"]
[Source "ChessBase"]
[SourceDate "2021.10.06"]
[SourceVersion "1"]
[SourceVersionDate "2021.10.06"]
[SourceQuality "1"]
[WhiteTeam "Gadebusch"]
[BlackTeam "Graefelfing"]
[WhiteTeamCountry "GER"]
[BlackTeamCountry "GER"]

1. e4 e5 2. Nf3 d6 3. d3 Bg4 4. Be2 Nd7 5. Nc3 Ngf6 6. Bg5 Be7 7. h3 Be6 8. Qd2 c6 9. d4 Qc7 10. 0-0-0 Qa5 11. Kb1 d5 12. dxe5 dxe4 13. Nxe4 Qxa2+ 14. Kc1 Qa1# 0-1

[Event "Mecklenburg VP-ch U16 Girls"]
[Site "Malchow"]
[Date "2014.02.03"]
[Round "4"]
[White "Schulz, Manuela"]
[Black "Schutrak, Svenja"]
[Result "0-1"]
[WhiteElo "814"]
[BlackElo "827"]
[PlyCount "78"]
[EventDate "2014.02.01"]
[EventType "tourn"]
[EventRounds "7"]
[EventCountry "GER"]
[SourceTitle "EXT 2017"]
[Source "ChessBase"]
[SourceDate "2016.10.25"]
[SourceVersion "1"]
[SourceVersionDate "2016.10.25"]
[SourceQuality "1"]

1. e4 e5 2. Nf3 Nc6 3. Nc3 Nf6 4. h3 Bc5 5. Bc4 h6 6. 0-0 d6 7. d3 Be6 8. Nd5 a6 9. a3 b5 10. Bb3 b4 11. c3 bxa3 12. bxa3 0-0 13. Nh2 Rb8 14. Bc4 Na5 15. Qf3 Bxd5 16. Bxd5 Qe7 17. Qg3 Kh7 18. Qh4 c6 19. Ng4 Kg8 20. Qg3 Nxg4 21. Qxg4 Qf6 22. d4 cxd5 23. dxe5 dxe5 24. exd5 Nb3 25. Bb2 Nxa1 26. Bxa1 Bxa3 27. c4 Rfe8 28. Qg3 Qf4 29. Qxa3 Qxc4 30. Rd1 f6 31. Bc3 Rb3 32. Qd6 Rxc3 33. Qd7 Rc8 34. Qe6+ Kf8 35. Qd6+ Kf7 36. Qd7+ Kg6 37. d6 Rc2 38. Qe7 Qc5 39. Qe6 Qxf2+ 0-1

[Event "GER-chT U14 Girls"]
[Site "Magdeburg"]
[Date "2013.12.28"]
[Round "3.4"]
[White "Schutrak, Svenja"]
[Black "Lehnert, Anna Victoria"]
[Result "0-1"]
[WhiteElo "829"]
[BlackElo "1021"]
[PlyCount "32"]
[EventDate "2013.12.27"]
[EventType "team-swiss"]
[EventRounds "4"]
[EventCountry "GER"]
[SourceTitle "EXT 2015"]
[Source "ChessBase"]
[SourceDate "2014.11.20"]
[SourceVersion "1"]
[SourceVersionDate "2014.11.20"]
[SourceQuality "1"]
[WhiteTeam "Gadebusch"]
[BlackTeam "Langen"]
[WhiteTeamCountry "GER"]
[BlackTeamCountry "GER"]

1. e4 e5 2. Nf3 Nf6 3. Nc3 Nc6 4. Bb5 d6 5. d3 g6 6. Be3 Bg7 7. Qd2 0-0 8. Bh6 Be6 9. Ng5 Bxh6 10. h4 Nd4 11. Ba4 a6 12. h5 Nd7 13. Nxe6 Bxd2+ 14. Kxd2 fxe6 15. g4 g5 16. Rh2 Nf3+ 0-1

[Event "GER-chT U14 Girls"]
[Site "Magdeburg"]
[Date "2013.12.27"]
[Round "1.4"]
[White "Schutrak, Svenja"]
[Black "Hagenbeck Huebert, Lara"]
[Result "0-1"]
[WhiteElo "829"]
[BlackElo "1294"]
[PlyCount "80"]
[EventDate "2013.12.27"]
[EventType "team-swiss"]
[EventRounds "4"]
[EventCountry "GER"]
[SourceTitle "EXT 2015"]
[Source "ChessBase"]
[SourceDate "2014.11.20"]
[SourceVersion "1"]
[SourceVersionDate "2014.11.20"]
[SourceQuality "1"]
[WhiteTeam "Gadebusch"]
[BlackTeam "Grimma"]
[WhiteTeamCountry "GER"]
[BlackTeamCountry "GER"]

1. e4 e5 2. Nf3 Nc6 3. Nc3 Nf6 4. Bb5 a6 5. Bxc6 dxc6 6. Nxe5 Nxe4 7. Qe2 Nxc3 8. bxc3 Qe7 9. Qe3 f6 10. Nf3 Qxe3+ 11. dxe3 Bf5 12. Nd4 Bg6 13. f3 Kf7 14. e4 Bd6 15. Bd2 Rhe8 16. 0-0 Bc5 17. Rfe1 Rad8 18. Kf1 Bxd4 19. Rad1 Bc5 20. Bf4 Bd6 21. g3 Bh5 22. Kg2 Bxf4 23. Rxd8 Rxd8 24. gxf4 Rd2+ 25. Kg3 Rxc2 26. Re3 Rxa2 27. Kh4 Rxh2+ 28. Kg3 Rd2 29. Kh4 g6 30. e5 fxe5 31. fxe5 Ke6 32. Kg5 a5 33. f4 Rf2 34. Re4 b5 35. Kh6 a4 36. Kxh7 a3 37. Re1 a2 38. Kh6 c5 39. Kg5 b4 40. cxb4 cxb4 0-1